000
00228nam a22000977a 4500
100
_a
Grabirnuller
245
_a
ingular Perturbation Techniques to Differential Equations
260
_a
London
_c
1984
300
_a
246
942
_c
BK
999
_c
13682
_d
13682